〈プロ野球〉2025年の12球団開幕投手 - Statistics

General Stats
  • This quiz has been taken 302 times
  • The average score is 10 of 12
Answer Stats
チーム 開幕投手 % Correct
巨人 戸郷翔征
93%
阪神 村上頌樹
91%
横浜 東克樹
91%
ソフバン 有原航平
89%
中日 高橋宏斗
84%
西武 今井達也
83%
オリックス 宮城大弥
81%
広島 森下暢仁
78%
ロッテ 小島和哉
74%
楽天 早川隆久
69%
ヤクルト 奥川恭伸
65%
日ハム 金村尚真
57%
No matching quizzes found
Score Distribution
Percent of People with Each Score
Percentile by Number Answered
Your Score History
You have not taken this quiz